Statistics for Famous People From Poland

Click here to take the quiz!

General Stats

  • This quiz has been taken 2,493 times
  • The average score is 5 of 6

Answer Stats

Hint Person % Correct
Won Nobel Prize. Famous for her pioneering research on radioactivityMarie Curie
96%
Catholic religious leader who died in 2005Pope John Paul II
95%
Famous astronomer born in 1473.Nicolaus Copernicus
94%
Composer and pianist called "the poet of the piano"Frédéric Chopin
90%
Poet, prose writer, and essayist. Emigrated to USA and won Nobel Prize for Literature in 1980Czesław Miłosz
55%
14th century king credited with much of Poland's developmentKing Kazimierz
55%

Score Distribution

Percentile by Number Answered

Percent of People with Each Score

Your Score History

You have not taken this quiz